| 000 | 01335nam a2200157Ia 4500 | ||
|---|---|---|---|
| 999 |
_c1664 _d1664 |
||
| 020 | _a1870941381 (pbk) | ||
| 050 |
_aHF 5635 _bMILL |
||
| 100 | 1 | _aMillichamp, A. H. | |
| 245 | 1 | 0 | _aFoundation accounting. |
| 250 | _a2nd ed. | ||
| 260 |
_aWinchester, Hants : _bD.P. Publications, _c1989. |
||
| 300 | _avii, 500p. | ||
| 505 | _aThe accounting scene; receipts and payments and the cash book; the measurement of profit; the balance sheet; depreciation; bookkeeping; bookkeeping for fixed assets and depreciation; trial balances; the asset of stock petty cash; control accounts; bank accounts; internal control; discounts, bad debts and hire purchase; valued added tax (VAT); accounting for stocks and materials costing; labour costs; overheads; manufacturing accounts; construction industry; departmental accounts; incomplete records; income and expenditure accounts; partnerships; limited companies; interpretation of accounts; investment ratios; service sector and public service accounting; decision making; forecast cash flows and financial statements; published company accounts; cash flow statements and company finance; regulatory framework of accounting; the accounting conventions. appendices: answers to selected exercises; six case studies; six assignments; glossary of accounting terms. | ||
| 650 | 0 | _aAccounting. | |
| 942 | _cBK | ||